Polymers in a marine environment: 31 October-2 November 1984 (Record no. 11637)

000 -LEADER
fixed length control field 00627nam a22001937a 4500
008 - FIXED-LENGTH DATA ELEMENTS--GENERAL INFORMATION
fixed length control field 200616b 1985 ||||| |||| 00| 0 eng d
020 ## - INTERNATIONAL STANDARD BOOK NUMBER
International Standard Book Number 090720614X
082 ## - DEWEY DECIMAL CLASSIFICATION NUMBER
Classification number 623.8207
Item number IME
110 ## - MAIN ENTRY--CORPORATE NAME
Corporate name or jurisdiction name as entry element The Institute of Marine Engineers
245 ## - TITLE STATEMENT
Title Polymers in a marine environment: 31 October-2 November 1984
260 ## - PUBLICATION, DISTRIBUTION, ETC. (IMPRINT)
Place of publication, distribution, etc London
Name of publisher, distributor, etc Marine Management (Holdings) Ltd
Date of publication, distribution, etc 1985
300 ## - PHYSICAL DESCRIPTION
Extent 239 p.
440 ## - SERIES STATEMENT/ADDED ENTRY--TITLE
Title Transactions: IMarE(C), Vol. 1, No. 2
504 ## - BIBLIOGRAPHY, ETC. NOTE
Bibliography, etc Includes bibliographical references
650 ## - SUBJECT ADDED ENTRY--TOPICAL TERM
Topical term or geographic name as entry element Marine engineering
650 ## - SUBJECT ADDED ENTRY--TOPICAL TERM
Topical term or geographic name as entry element Ocean engineering
650 ## - SUBJECT ADDED ENTRY--TOPICAL TERM
Topical term or geographic name as entry element Polymers - Industrial applications
942 ## - ADDED ENTRY ELEMENTS (KOHA)
Item type Reference book
Holdings
Withdrawn status Lost status Source of classification or shelving scheme Damaged status Not for loan Collection code Permanent location Current location Shelving location Date acquired Full call number Barcode Date last seen Koha item type Public note
          Non-fiction IMU-MPC Library IMU-MPC Library General Stacks 2020-06-16 623.8207 IME MPCMM6 2025-03-17 Reference book Column - 1
Copyright © 2021 Indian Maritime University, Mumbai Port Campus. All Rights Reserved. Managed & Maintained by Central Library, IMU-Mumbai

webs counters

Powered by Koha